Russia : lonely planet.
| Format: | Book |
|---|---|
| Published: |
[Victoria]:
Lonely Planet Publications,
2012.
|
| Edition: | 6th ed. |
| Subjects: |
| LEADER | 00436cam a2200157 7i4500 | ||
|---|---|---|---|
| 001 | 0000028236 | ||
| 005 | 20130111090000.0 | ||
| 020 | 0 | 0 | |a 9781741795740 |
| 090 | 0 | 0 | |a RUSS 910.202 |b RUS |
| 245 | 0 | 0 | |a Russia : |b lonely planet. |
| 250 | 0 | 0 | |a 6th ed. |
| 260 | 0 | 0 | |a [Victoria]: |b Lonely Planet Publications, |c 2012. |
| 300 | # | # | |a 766 p. |
| 650 | 0 | 0 | |a Russia -- |x Guidebooks |
| 651 | 0 | 0 | |a Russia |
| 999 | |a B000031624 |b Book |c Countries |e Business Information Centre | ||